Französisch Vokabeln Dossier A Volet 1 - Statistiken

Allgemein
  • Dieses Quiz wurde 37 mal gespielt
    35 seit der letzten Aktualisierung
  • Das Durchschnittsergebnis liegt bei 11 aus 44
Antwortstatistiken
Deutsch Französisch % Korrekt
Weihnachten Noël
95%
die Gerechtigkeit la justice
47%
die Kraft, die Gewalt la force
42%
das Gegenteil le contraire
42%
Ostern Pâques
42%
etw. bestätigen confirmer qc
32%
etw. wünschen, etw. begehren désirer qc
32%
etw. ankündigen, etw. mitteilen annoncer qc
26%
etw. beinahe getan haben, kurz davor gewesen sein etw. zu tun avoir failli
26%
Ich hätte/wäre fast j'ai failli
26%
der/die Erwachsene l'adulte
26%
der/die/das schlimmste le pire/la pire
26%
das Schweigen, die Stille le silence
26%
sich etw. wünschen, hoffen souhaiter qc
26%
arbeiten, büffeln bosser
21%
das ist noch lange nicht geschafft c'est pas gagné
21%
jdn/etw. verteidigen, jdn/ etw. schützen défendre qn/qc
21%
jdn/etw. mitnehmen emmener qn/qc
21%
jdm böse sein en vouloir à qn
21%
etw. verlangen, fordern exiger qc
21%
französische Elitehochschule la grande école
21%
der/die Versager/in le raté/ la ratée
21%
der Motorroller le scooter
21%
artig, brav sage
21%
aufleuchten, angehen s'allumer
21%
jdn zufrieden stellen, jdn befriedigen satisfaire qn
21%
sich umdrehen se retourner
21%
(an/unter etw.) leiden souffrir (de qc)
21%
In einer WG leben vivre en colocation
21%
zusammenbrechen, aufgeben craquer
16%
jdm.etw.schuldig sein, etw. schulden devoir qc à qn
16%
(etw.) leid tun, (etw.) bedauern être désolé/ désolée (de qc)
16%
rasend vor Wut fou/folle de rage
16%
die Wut, der Wutanfall la colère
16%
Vorbereitungskurs für die Aufnahme an einer Elitehochschule la prépa/ la classe préparatoire
16%
die Anmerkung, der Kommentar la remarque
16%
weich mou/ molle
16%
etw. besitzen, über etw. verfügen posséder qc
16%
wachsen pousser
16%
sich (hin)setzen s'asseoir
16%
anfangen etw. zu tun, mit etw. anfangen se mettre à
16%
jdm/etw. begegnen, jdn/ etw. treffen croiser qn/qc
11%
über etw. hinwegkommen se remettre de qc
11%
jdn nerven soûler (ou saouler) qc
11%
Keine übereinstimmenden Quizze gefunden
Verteilung der Resultate
Anzahl Personen mit jedem Resultat
Perzentil nach korrekt beantworteten Fragen
Ihre Resultats-Entwicklung
Sie haben dieses Quiz seit der letzten Aktualisierung nicht gespielt